00213 a2200085 4500001000700000040003500007100002000042240003500062245003000097146765 cEscola São Tomás de Aquino aLARREULA, Enric10aOs amores da Bruxa Onildalpor10aOs amores da Bruxa Onilda